000 00269nam a2200121Ia 4500
008 190216s9999||||xx |||||||||||||| ||und||
100 _aKenneth Krane
245 0 _aModern Physics
260 _bWiley Students
_c2009
300 _a581
650 _aPhysics
942 _cBK
999 _c34350
_d34350